000 01026nam a2200253Ia 4500
003 OSt
005 20220923224711.0
006 a|||||r|||| 00| 0
007 ta
008 220922b |||||||| |||| 00| 0 hin d
024 _a248,902
037 _cTextual
040 _aARTS
_cARTS
_bhin
041 _2hin
_ahin
082 _aO152:gN, M0
100 _aमिश्र, सत्यदेव
_9156279
245 0 _aशुक्लोत्तर हिन्दी - आलोचना पर पाश्चात्य साहित्यिक अवधारणाओं का प्रभाव
246 _aShuklottar hindī - ālochanā par pāshchātya sāhityik avadhāraṇāoan kā prabhāva
260 _aनयी दिल्ली
_b प्रकाशन संस्थान
_c1980
300 _a272पृ.
_ccm.
650 _aहिन्दी साहित्य
_9156264
942 _hO152:gN, M0
_cTEXL
_2CC
999 _c373053
_d373053